000 00479nam a2200181Ia 4500
001 7895
005 20260306160529.0
008 260306t2009||||xx |||||||||||||| ||spa||
041 _aESP
082 _a363.7
_bB96
100 _aBustamante, Claudia
_eAUT
245 4 _aThe world trade organization (wto) in action for climate change:
_bwhat should be done?
260 _c2009
300 _a68 páginas :
_c22 cm.
650 _aGEN
654 _aCAN
942 _cLIB
_dJUS
_fJUS
_2ddc
_n
999 _c7895
_d7895